00643nam a2200145Ia 4500008004100000020001800041082001700059100003300076245008800109260006100197300001100258650012000269952009100389999001700480120622s9999 xx 000 0 und d a968-856-595-4 a302.23 G981e aGurza Lavalle, Adrian, 1965- aEstado, sociedad y medios : reivindicación de lo público / Adrian Gurza Lavalle aMéxico : Universidad Iberoamericana : Plaza y Valdés a277 p. a1. MEDIOS DE COMUNICACION DE MASAS - ASPECTOS POLITICOS \ 2. MEDIOS DE COMUNICACION DE MASAS - ASPECTOS SOCIALESÌ 00104070a01b01d2007-01-25l0o302.23 G981Ep01 008469r2012-06-24w2012-06-24yLB c57631d57631